Postavenie juhovýchodnej Ázie vo svetovom hospodárstve (finančná kríza v juhovýchodnej Ázii - hrozba či výzva pre svetové hospodárstvo?)
Salvato in:
| Autore principale: | |
|---|---|
| Ente Autore: | |
| Altri autori: | |
| Natura: | Libro |
| Lingua: | slovacco |
| Pubblicazione: |
Bratislava
Sprint
2004
|
| Serie: | Nová ekonómia
|
| Soggetti: | |
| Tags: |
Nessun Tag, puoi essere il primo ad aggiungerne!!
|
MARC
| LEADER | 00000nam$a2200000$$$4500 | ||
|---|---|---|---|
| 001 | 0025747 | ||
| 005 | 20240502071423.0 | ||
| 020 | |a 80-89085-35-0 | ||
| 041 | 0 | |a slo | |
| 044 | |a SK | ||
| 245 | 1 | 0 | |a Postavenie juhovýchodnej Ázie vo svetovom hospodárstve |b (finančná kríza v juhovýchodnej Ázii - hrozba či výzva pre svetové hospodárstvo?) |c Peter Baláž - Martin Líner |
| 264 | 1 | |a Bratislava |b Sprint |c 2004 | |
| 300 | |a 255 s. | ||
| 490 | 1 | |a Nová ekonómia | |
| 830 | 0 | |a Nová ekonómia | |
| 610 | 2 | 0 | |a kríza finančná |
| 610 | 2 | 0 | |a juhovýchodná Ázia |
| 610 | 2 | 0 | |a hospodárstvo svetové |
| 610 | 2 | 0 | |a vývoj hospodársky |
| 610 | 2 | 0 | |a Japonsko |
| 610 | 2 | 0 | |a kríza hospodárska |
| 610 | 2 | 0 | |a reštrukturalizácia finančná |
| 610 | 2 | 0 | |a reštrukturalizácia |
| 610 | 2 | 0 | |a obchod medzinárodný |
| 100 | 1 | |a Baláž, Peter | |
| 700 | 1 | |a Líner, Martin | |
| 710 | 2 | |a Ekonomická univerzita v Bratislave. Obchodná fakulta | |